000 01367nam a2200241Ia 4500
001 IA_Considering the magnitude and importance of this work is for the most vulnerable sector (primary sector), we decided to contribute and participate in the realization. After processing, evaluation and opinion of the business plan, you may say that part of the requirements that suggests any instance of financing, as embodied in a document, and it's about time to fulfill the other requirements and starts the acquisition of machinery and infrastructure, and construction of civil works and obtaining all the equipment to start the same activities.
002 PLAN DE NEGOCIOS PARA ESTABLECER UNA PLANTA EXTRAC
008 220117s xx 000 0 und d
010 _a184147
530 _aDisponible en PDF
650 _aAceite de palma
_9446
650 _aElaeis guineensis
650 _aEntrepreneurship
_9148030
650 0 _aFats and oils industry
_zMexico
_9156440
650 0 _aIndustria de la grasa y el aceite
_zMéxico
_9156441
650 _aIniciativa empresarial
_9148031
650 _aPalm oils
_9154187
700 _aAscencio Rivera, J. Rogelio, asesor
_9163689
700 1 _aPonce Hernández, Pedro
_9147918
700 _aReyna Izaguirre, Diana América, asesor
_9163686
942 _cTESIS A53 2010
999 _c184147
_d184147